Muslim Puritans (Record no. 4919)

MARC details
000 -LEADER
fixed length control field 00652nam a2200241 a 4500
020 ## - INTERNATIONAL STANDARD BOOK NUMBER
ISBN 0520031
082 00 - DEWEY DECIMAL CLASSIFICATION NUMBER
Classification number 297.0959
Author Cutter PEA
100 ## - MAIN ENTRY--AUTHOR NAME
Author name Peacock, James L
245 ## - TITLE STATEMENT
Title Muslim Puritans
Sub title Reformist Psychology in Southeast Asian Islam.
260 ## - PUBLICATION, DISTRIBUTION, ETC. (IMPRINT)
Place of publication Berkeley
Name of publisher University of California Press
Year of publication 1978
300 ## - PHYSICAL DESCRIPTION
Number of Pages 276p.
500 ## - GENERAL NOTE
General note includes index and biblioraphy
505 2# - FORMATTED CONTENTS NOTE
Formatted contents note Index
650 ## - SUBJECT ADDED ENTRY--TOPICAL TERM
Topical Term Islam-Asia-South East
942 ## - ADDED ENTRY ELEMENTS (KOHA)
Koha item type Books
700 1# -
-- Peacock, James L
Holdings
Collection code Home library Current library Date acquired Cost, normal purchase price Full call number Accession Number Koha item type
  Henry Martyn Institute Library Henry Martyn Institute Library 03/24/2008 17.75 297.0959 PEA 09370 Books
                   Copyright © 2026 | Henry Martyn Institute | Hyderabad | TS-500052 | INDIA | Implemented by hmi.edu.in
Hit-Count:

Powered by Koha